| 000 | 01113cam a22002891 4500 | ||
|---|---|---|---|
| 001 | gs 47000338 | ||
| 003 | DLC | ||
| 005 | 20260227111353.0 | ||
| 008 | 891025s1945 sw a b 000 0 eng c | ||
| 010 | _ags 47000338 | ||
| 035 | _a(OCoLC)20549727 | ||
| 040 |
_aU.S. Geol. Survey. Library _cCU _dCU _dDLC |
||
| 042 | _apremarc | ||
| 050 | 0 | 0 |
_aQE282 _b.A3 ser. C, no. 472 |
| 082 | _a553.3 | ||
| 100 | 1 |
_aWerner, Sture, _d1908- |
|
| 245 | 0 | 0 |
_aDeterminations of the magnetic susceptibility of ores and rocks from Swedish iron ore deposits, _cby Sture Werner. |
| 260 |
_aStockholm, _bKungl. boktryckeriet, P.A. Norstedt & söner, _c1945. |
||
| 300 |
_a79 p. incl. tables, diagrs. _c24 cm. |
||
| 490 | 1 |
_aSweden. Geologiska undersökningen. Ser. C. Avhandlingar och uppsatser. _vn:o 472. Årsbok 39 (1945) n:o 5 |
|
| 504 | _a"References": p. 78-79. | ||
| 650 | 0 |
_aIron ores _zSweden. |
|
| 650 | 0 | _aMagnetic testing. | |
| 740 | 0 | _aMagnetic susceptibility of ores and rocks. | |
| 830 | 0 |
_aSer. C--Avhandlingar och uppsatser ; _vn:o 472. |
|
| 830 | 0 |
_aÅrsbok (Sveriges geologiska undersökning) ; _v39 : n:o 5. |
|
| 999 |
_c28217 _d28217 |
||